Fr. Conceicao Rodrigues College of Engineering

Dollar Bahu (Record no. 29118)

MARC details
000 -LEADER
fixed length control field 00261nam a2200133Ia 4500
100 ## - MAIN ENTRY--PERSONAL NAME
Personal name Sudha Murthy
245 ## - TITLE STATEMENT
Title Dollar Bahu
260 ## - PUBLICATION, DISTRIBUTION, ETC.
Name of publisher, distributor, etc. Penquin books
Place of publication, distribution, etc. Mumbai
Date of publication, distribution, etc. 2007
366 ## - TRADE AVAILABILITY INFORMATION
Publishers's discount category 20
546 ## - LANGUAGE NOTE
Language note ENGLISH
650 ## - SUBJECT ADDED ENTRY--TOPICAL TERM
Topical term or geographic name entry element Ficiton
942 ## - ADDED ENTRY ELEMENTS (KOHA)
Koha item type BOOK
Holdings
Withdrawn status Lost status Damaged status Not for loan Collection Home library Current library Date acquired Source of acquisition Cost, normal purchase price Inventory number Total Checkouts Full call number Barcode Date due Date last seen Date last checked out Cost, replacement price Price effective from Koha item type
        CRC Fr. Agnel's C.Rodrigues College of Engineering Fr. Agnel's C.Rodrigues- College of Engineering 17/03/2023 Book Sense 120.00 83 dt 19/09/2008 1 18994 18/06/2009 05/06/2023 05/06/2023 150.00   BOOK